LEADER 01022naa a2200217 i 4500 001 000000306183 003 CaOOAMICUS 005 20210422151137.0 008 180831n it u000 u ita u 013 $a14564 040 $aSeMil$bita 245 00$aLettera Apostolica Motu Proprio «Sanctitas Clarior» :$bI processi per le cause di beatificazione e canonizzazione. - In : Appendice. 650 4$aPaolo VI - Lettere apostoliche . Sanctitas clarior.$0(OLS)http://semarc/subject/50308 700 0 $aPaulus VI,$c.$0(OLS)http://semarc/name/803 773 0 $tBeati e Santi canonizzati da Paolo 6.$z88-209-2262-2$gp.361-365$w()135927 900 1 $aMontini, Giovanni Battista,$d<1897-1978>. 900 0 $aPaolo VI$c. 996 $6245$aLettera Apostolica Motu Proprio «Sanctitas Clarior» :$bI processi per le cause di beatificazione e canonizzazione. - In : Appendice.$9(OLS)http://semarc/title/381610 LEADER 00727nam a2200205 i 4500 001 000000228092 003 CaOOAMICUS 005 20140318000000.0 008 140318s1890 it u000 u ita u 013 $a206994 040 $aSeMil$bita 245 10$aVol. 9. 300 $a320 p., [1] c. di tav. ripieg. :$bill. 500 $aFondo Bidoglio. 773 0 $aScotton, Gottardo <1845-1916>$tVangelo studiato minutamente dal parroco.$dBassano : Premiato stabil. tipogr. Sante Pozzato, 1886-1890.$g9$w()14748 850 $aSeMil 852 $aSeMil$W1$xVenegono$y1$m2Y I 15 FA$j178438$B178438$CSeMilBibl$Z2$F189331 $8I 941 1 $a2 961 $aLascito: Bidoglio don Maurizio 996 $6245$aVol. 9$9(OLS)http://semarc/title/111148